| 000 | 00573nam a2200193Ia 4500 | ||
|---|---|---|---|
| 005 | 20250508162027.0 | ||
| 008 | 008 250505s9999 xx 000 0 eng d | ||
| 037 | _aBooks to be hide in OPAC | ||
| 040 |
_aFEDL _beng _cFEDL |
||
| 041 |
_aeng _2eng |
||
| 084 |
_a305.901, CRA/O _qFEDL |
||
| 100 | _aCratty Bryant J | ||
| 245 | 0 | _aBody-image of blind children | |
| 260 |
_aNew York, USA _bThe American Foundation for the Blind _c1968 |
||
| 300 | _a72p. | ||
| 700 |
_a Sams Theressa A _9772089 |
||
| 942 |
_cHB _h305.901, CRA/O |
||
| 999 |
_c1373912 _d1373912 |
||